Hands on Microservices with C#8 and .Net core 3 (Record no. 25958)

MARC details
000 -LEADER
fixed length control field 00417nam a22001697a 4500
005 - DATE AND TIME OF LATEST TRANSACTION
control field 20230713113736.0
008 - FIXED-LENGTH DATA ELEMENTS--GENERAL INFORMATION
fixed length control field 230713b |||||||| |||| 00| 0 eng d
020 ## - INTERNATIONAL STANDARD BOOK NUMBER
ISBN 9781789617948
082 ## - DEWEY DECIMAL CLASSIFICATION NUMBER
Classification number 005.133
Item number ARO-H
100 ## - MAIN ENTRY--AUTHOR
Author Name Aroraa,Gaurav
245 ## - TITLE STATEMENT
Title Hands on Microservices with C#8 and .Net core 3
260 ## - PUBLICATION, DISTRIBUTION, ETC.
Place of Publication UK
Name of publisher, distributor, etc. Packet
Date of publication, distribution, etc. 2020
300 ## - PHYSICAL DESCRIPTION
Pages 440p
500 ## - GENERAL NOTE
General note Includes Index
650 ## - SUBJECT ADDED ENTRY--TOPICAL TERM
Subject / Department Misc
952 ## - LOCATION AND ITEM INFORMATION (KOHA)
-- 0
-- 0
Holdings
Lost status Damaged status Collection code Permanent Location Current Location Shelving Location Date acquired Full Call Number Accession No./Barcode Date last seen item type Koha item type
    CS/IT Superior Information Resource Center (SIRC) Superior University- Gold Campus Superior Information Resource Center (SIRC) Superior University- Gold Campus MISC 07/13/2023 005.133 ARO-H 2020 19437 07/13/2023 BOOK BOOK

Powered by Koha